[Event "22nd Asia-ch (w)"]
[Site "Makati City PHI"]
[Date "2018.12.10"]
[Round "1"]
[White "Li Xueyi"]
[Black "Zhu Jiner"]
[Result "0-1"]
[WhiteElo "2187"]
[BlackElo "2409"]
[EventDate "2018.12.10"]
[PlyCount "120"]

1.d4 g6 2.g3 f5 3.Bg2 Nf6 4.c3 Bg7 5.Nd2 O-O 6.Nh3 e6 7.e4 fxe4 8.Nxe4 
Nxe4 9.Bxe4 Nc6 10.Ng5 h6 11.Nh3 d5 12.Bg2 e5 13.dxe5 Nxe5 14.f4 Nf7 15.
O-O c6 16.Be3 Nd6 17.Kh1 Nc4 18.Bd4 Bxd4 19.Qxd4 Nxb2 20.f5 Bxf5 21.Qd2 
Nc4 22.Qxh6 Ne5 23.Rae1 Ng4 24.Qd2 Qd6 25.Nf4 Rae8 26.Qd4 Rxe1 27.Rxe1 Qf6
28.h3 Qxd4 29.cxd4 Nf6 30.g4 Be4 31.Bxe4 Nxe4 32.Nxg6 Rf3 33.h4 Rh3+ 34.
Kg2 Rg3+ 35.Kh2 Rxg4 36.Ne7+ Kf7 37.Kh3 Rg3+ 38.Kh2 Rf3 39.Nc8 Ke6 40.Rb1 
Kd7 41.Nxa7 Kc7 42.a4 Ra3 43.Rb4 Nf6 44.Kg2 Nh5 45.Kg1 Rh3 46.a5 Ra3 47.
Nb5+ cxb5 48.Rxb5 Nf4 49.Kf2 Rd3 50.h5 Rh3 51.Rc5+ Kb8 52.Rb5 Ka7 53.Rb6 
Nxh5 54.Rh6 Nf4 55.Rf6 Nd3+ 56.Ke2 Nb4 57.Rd6 Rh4 58.Kd2 Rxd4+ 59.Kc3 Nc6 
60.a6 Kxa6 0-1

[Event "22nd Asia-ch (w)"]
[Site "Makati City PHI"]
[Date "2018.12.10"]
[Round "1"]
[White "Nakhbaeva, Guliskhan"]
[Black "Makhija, Aashna"]
[Result "1-0"]
[WhiteElo "2371"]
[BlackElo "2181"]
[EventDate "2018.12.10"]
[PlyCount "109"]

1.d4 Nf6 2.c4 e6 3.Nc3 Bb4 4.e3 O-O 5.Bd3 c5 6.Ne2 d5 7.cxd5 cxd4 8.exd4 
Nxd5 9.O-O Nc6 10.Nxd5 exd5 11.Nf4 Re8 12.Be3 Bd6 13.Qf3 h6 14.Rfe1 Bxf4 
15.Bxf4 Be6 16.Qg3 Qf6 17.h4 Kh8 18.Be5 Nxe5 19.Rxe5 Rac8 20.Rae1 Bd7 21.
Rxe8+ Bxe8 22.Qc7 Qc6 23.Qf4 Qf6 24.Qxf6 gxf6 25.Re7 Rb8 26.Kh2 Kg8 27.Bf5
Bb5 28.Kg3 Kf8 29.Rc7 a6 30.Bd7 Bc4 31.b3 Bd3 32.Kf4 b6 33.Bf5 Bf1 34.g3 
Re8 35.Rc1 Bg2 36.Rg1 Be4 37.Re1 Rd8 38.Bxe4 dxe4 39.Rxe4 Rd5 40.g4 b5 41.
Ke3 Kg7 42.Re8 Rd6 43.Kd3 Kg6 44.Rg8+ Kh7 45.Rc8 Kg6 46.Rc5 Re6 47.h5+ Kg7
48.d5 Re1 49.Rc2 a5 50.Kd4 Rg1 51.d6 Rxg4+ 52.Kc5 Kf8 53.Re2 Rg1 54.d7 Rd1
55.Re8+ 1-0

[Event "22nd Asia-ch (w)"]
[Site "Makati City PHI"]
[Date "2018.12.10"]
[Round "1"]
[White "Mendoza, Shania Mae"]
[Black "Guo Qi"]
[Result "1/2-1/2"]
[WhiteElo "2165"]
[BlackElo "2368"]
[EventDate "2018.12.10"]
[PlyCount "92"]

1.c4 e6 2.Nf3 d5 3.g3 dxc4 4.Qa4+ Nd7 5.Bg2 a6 6.Qxc4 b5 7.Qc2 Bb7 8.O-O 
Ngf6 9.b3 c5 10.Bb2 Be7 11.d3 O-O 12.Nbd2 Qb6 13.Rac1 Rfc8 14.Qb1 Nd5 15.
e4 Nb4 16.a3 Nc6 17.Qa1 Bf8 18.Rfd1 Rd8 19.Nf1 Rac8 20.Ne3 Ndb8 21.e5 Rd7 
22.Bc3 Rcd8 23.Qb1 Nd4 24.Bxd4 Bxf3 25.Bxf3 Rxd4 26.Be4 h6 27.Nc2 R4d7 28.
Qb2 Nc6 29.Re1 a5 30.Re2 Nd4 31.Nxd4 Rxd4 32.Rce1 a4 33.Rb1 Rb8 34.Qc2 Qa5
35.Qc1 axb3 36.Rxb3 Ra4 37.Rc2 Qa7 38.Qb2 b4 39.axb4 Ra1+ 40.Kg2 cxb4 41.
h4 Re1 42.Rc1 Rxc1 43.Qxc1 Qd4 44.Qe3 Qa1 45.d4 Rd8 46.Rd3 b3 1/2-1/2

[Event "22nd Asia-ch (w)"]
[Site "Makati City PHI"]
[Date "2018.12.11"]
[Round "2"]
[White "Zhu Jiner"]
[Black "Gong Qianyun"]
[Result "1-0"]
[WhiteElo "2409"]
[BlackElo "2312"]
[EventDate "2018.12.10"]
[PlyCount "97"]

1.e4 e6 2.d4 d5 3.Nc3 Bb4 4.e5 c5 5.dxc5 Ne7 6.Nf3 Nd7 7.Bd3 Qc7 8.O-O 
Bxc3 9.bxc3 Nxe5 10.Bf4 Nxf3+ 11.Qxf3 e5 12.Bg3 f6 13.c4 Be6 14.cxd5 Bxd5 
15.Qe3 g5 16.Rae1 O-O-O 17.f3 Kb8 18.a4 Bc6 19.Bc4 Nf5 20.Qb3 Nxg3 21.hxg3
h5 22.Rd1 h4 23.gxh4 Rxh4 24.Bb5 Bxb5 25.Qxb5 Rhd4 26.Rxd4 Rxd4 27.Rb1 a6 
28.Qb6 Rc4 29.Qxa6 Rxc2 30.Qxf6 Qxc5+ 31.Kh2 Qd4 32.Qxg5 Rc8 33.Rb5 Rh8+ 
34.Kg3 Re8 35.Qg4 Qd6 36.Qg7 Re7 37.Qg8+ Ka7 38.Ra5+ Kb6 39.Qb3+ Kc7 40.
Qc4+ Kb8 41.Qg8+ Kc7 42.Rd5 Re8 43.Qf7+ Re7 44.Rxd6 Rxf7 45.Re6 Rg7+ 46.
Kf2 Rg5 47.Re7+ Kb6 48.g4 Ka6 49.Ke3 1-0

[Event "22nd Asia-ch (w)"]
[Site "Makati City PHI"]
[Date "2018.12.11"]
[Round "2"]
[White "Alinasab, Mobina"]
[Black "Nakhbaeva, Guliskhan"]
[Result "1/2-1/2"]
[WhiteElo "2295"]
[BlackElo "2371"]
[EventDate "2018.12.10"]
[PlyCount "208"]

1.e4 c5 2.Nf3 a6 3.c4 d6 4.d4 cxd4 5.Nxd4 e6 6.Nc3 b6 7.Be2 Bb7 8.O-O Nf6 
9.f3 Be7 10.Be3 O-O 11.Qd2 Qc7 12.Rfc1 Nbd7 13.a4 Ne5 14.a5 bxa5 15.Nb3 
Rab8 16.Nxa5 Ba8 17.Na4 Nc6 18.Nxc6 Bxc6 19.b4 Qb7 20.Nc3 Ra8 21.b5 Bd7 
22.c5 dxc5 23.bxa6 Qc7 24.Bf4 e5 25.Bg5 Be6 26.Bxf6 Bxf6 27.Nd5 Bxd5 28.
Qxd5 Bg5 29.Rcb1 Be3+ 30.Kh1 Bd4 31.Ra2 Rfb8 32.Rb7 Rxb7 33.axb7 Rxa2 34.
Qxa2 Qxb7 35.Bc4 g6 36.g3 Kg7 37.Bd5 Qb4 38.Kg2 Qe1 39.Bc4 Qg1+ 40.Kh3 Qe3
41.Kg2 h5 42.Qe2 Qg1+ 43.Kh3 Qc1 44.Qf1 Qg5 45.Qd3 Qf6 46.Qb3 h4 47.Kg2 g5
48.Bd5 Qa6 49.Bc4 Qa7 50.Qa2 Qd7 51.g4 Qc7 52.Qa6 Be3 53.h3 Qd7 54.Bd5 Qd8
55.Kf1 Bd4 56.Ke2 c4 57.Bxc4 Qb8 58.Bb5 Qf8 59.Bd3 Qb4 60.Qa2 Bb6 61.Qd2 
Qe7 62.Bc4 Qf6 63.Qc1 Bd4 64.Bd5 Ba7 65.Bc4 Qd8 66.Bd5 Qe7 67.Qd2 Kg6 68.
Qa5 Bd4 69.Qa8 Kg7 70.Qa2 Qf6 71.Qd2 Kg6 72.Qc1 Kg7 73.Bc4 Kg6 74.Bd5 Qd8 
75.Qc6+ Kg7 76.Qc1 Ba7 77.Qa1 Bd4 78.Qc1 Qf6 79.Bc4 Qe7 80.Bd5 Qd8 81.Qd2 
Kg6 82.Qa2 Qf6 83.Qd2 Qa6+ 84.Qd3 Qa1 85.Qd1 Qb2+ 86.Qd2 Qa3 87.Qd3 Qc1 
88.Qb3 Qf4 89.Kd1 Kg7 90.Bc4 Qh2 91.Bxf7 Qh1+ 92.Kc2 Qg2+ 93.Kb1 Qf1+ 94.
Kc2 Qe2+ 95.Kb1 Qf1+ 96.Kc2 Qxh3 97.Bd5 Qg2+ 98.Kb1 Qf1+ 99.Kc2 Qe2+ 100.
Kb1 Qa6 101.Bc4 Qa1+ 102.Kc2 Qa7 103.Qb5 h3 104.Qe8 Qc7 1/2-1/2

[Event "22nd Asia-ch (w)"]
[Site "Makati City PHI"]
[Date "2018.12.12"]
[Round "3"]
[White "Padmini, Rout"]
[Black "Zhu Jiner"]
[Result "1/2-1/2"]
[WhiteElo "2345"]
[BlackElo "2409"]
[EventDate "2018.12.10"]
[PlyCount "70"]

1.e4 e5 2.Nf3 Nc6 3.Bb5 g6 4.d4 exd4 5.c3 d3 6.Qxd3 Bg7 7.O-O d6 8.c4 Ne7 
9.Nc3 O-O 10.Nd5 Bg4 11.Bxc6 Nxc6 12.h3 Bxf3 13.Qxf3 f5 14.Bd2 Bxb2 15.
Rab1 Be5 16.Rxb7 Nd4 17.Qd1 fxe4 18.Qg4 Rf7 19.Qxe4 c6 20.Rxf7 Kxf7 21.f4 
Bg7 22.f5 gxf5 23.Bc3 Kg8 24.Ne7+ Kh8 25.Qd3 Qxe7 26.Bxd4 Rf8 27.Rxf5 Rxf5
28.Bxg7+ Qxg7 29.Qxf5 Qd4+ 30.Kh2 Qxc4 31.Qf8+ Qg8 32.Qf6+ Qg7 33.Qd8+ Qg8
34.Qf6+ Qg7 35.Qd8+ Qg8 1/2-1/2

[Event "22nd Asia-ch (w)"]
[Site "Makati City PHI"]
[Date "2018.12.12"]
[Round "3"]
[White "Pham Le Thao Nguyen"]
[Black "Hoang Thi Bao Tram"]
[Result "1-0"]
[WhiteElo "2363"]
[BlackElo "2314"]
[EventDate "2018.12.10"]
[PlyCount "65"]

1.e4 c6 2.d4 d5 3.exd5 cxd5 4.Bd3 Nc6 5.c3 Qc7 6.h3 Nf6 7.Nf3 g6 8.Qc2 Bg7
9.O-O O-O 10.Re1 Re8 11.Be3 Bd7 12.Nbd2 a6 13.Nb3 Rad8 14.Qc1 Qc8 15.Nc5 
Na5 16.Ne5 Bb5 17.Bc2 b6 18.Ncd3 Nc4 19.Bf4 a5 20.Bh6 Nd6 21.Bxg7 Kxg7 22.
Nf4 Nc4 23.Bd3 Nd6 24.Bc2 Nc4 25.Bb3 Ba6 26.Bxc4 dxc4 27.Qe3 Rd6 28.Qg3 
Qf5 29.Re3 b5 30.Rae1 b4 31.Ng4 Ng8 32.Re5 Qc2 33.Ne3 1-0

[Event "22nd Asia-ch (w)"]
[Site "Makati City PHI"]
[Date "2018.12.12"]
[Round "3"]
[White "Nakhbaeva, Guliskhan"]
[Black "Munkhzul, Turmunkh"]
[Result "0-1"]
[WhiteElo "2371"]
[BlackElo "2255"]
[EventDate "2018.12.10"]
[PlyCount "94"]

1.d4 Nf6 2.c4 g6 3.Nc3 Bg7 4.e4 d6 5.h3 O-O 6.Bg5 c5 7.d5 e6 8.Bd3 exd5 9.
cxd5 Re8 10.Nf3 c4 11.Bc2 b5 12.a3 a5 13.O-O Ba6 14.Re1 Nbd7 15.Nd4 Qb6 
16.Be3 Nc5 17.f3 Nfd7 18.Kh1 b4 19.axb4 axb4 20.Nce2 Nd3 21.Rg1 Nxb2 22.
Qc1 c3 23.Nf5 Qc7 24.Nxg7 Kxg7 25.Bd4+ f6 26.Nf4 Qc4 27.Qe3 Kg8 28.g4 Ne5 
29.Rg3 Rac8 30.Nh5 Rf8 31.f4 gxh5 32.g5 f5 33.exf5 h4 34.Rg2 Bb7 35.fxe5 
Qxd5 36.Rg1 Qf3 37.e6 Qxe3 38.Bxe3 Nc4 39.Bd4 b3 40.e7 bxc2 41.exf8=Q+ 
Rxf8 42.f6 Re8 43.Rf1 Kf7 44.Kg1 Bxg2 45.Kxg2 Re2+ 46.Kf3 Nd2+ 47.Kxe2 
Nxf1 0-1

[Event "22nd Asia-ch (w)"]
[Site "Makati City PHI"]
[Date "2018.12.12"]
[Round "3"]
[White "San Diego, Marie Antoinette"]
[Black "Zhang Xiao"]
[Result "1/2-1/2"]
[WhiteElo "2111"]
[BlackElo "2017"]
[EventDate "2018.12.10"]
[PlyCount "75"]

1.d4 d5 2.Bf4 c5 3.e3 Nc6 4.c3 Nf6 5.Nd2 Bf5 6.Qb3 Qd7 7.Ngf3 a6 8.Ne5 
Nxe5 9.Bxe5 e6 10.Be2 Be7 11.O-O O-O 12.c4 cxd4 13.Bxd4 Rac8 14.Rac1 dxc4 
15.Nxc4 Qc6 16.Bxf6 Bxf6 17.Bf3 Qc5 18.e4 Bg6 19.Qxb7 Bd4 20.b4 Qg5 21.
Qxa6 Qf4 22.Qa3 f5 23.g3 Qh6 24.Bg2 Ra8 25.Qb3 f4 26.Rcd1 Ba7 27.Ne5 fxg3 
28.Qxe6+ Kh8 29.Nxg6+ hxg6 30.hxg3 Bxf2+ 31.Rxf2 Qe3 32.Rf1 Rxf2 33.Rxf2 
Rf8 34.Qh3+ Kg8 35.Qe6+ Kh8 36.Qh3+ Kg8 37.Qe6+ Kh8 38.Qh3+ 1/2-1/2

[Event "22nd Asia-ch (w)"]
[Site "Makati City PHI"]
[Date "2018.12.13"]
[Round "4"]
[White "Munkhzul, Turmunkh"]
[Black "Pham Le Thao Nguyen"]
[Result "1/2-1/2"]
[WhiteElo "2255"]
[BlackElo "2363"]
[EventDate "2018.12.10"]
[PlyCount "103"]

1.e4 c5 2.Nf3 e6 3.d4 cxd4 4.Nxd4 a6 5.Bd3 Bc5 6.Nb3 Be7 7.Qg4 Bf6 8.O-O 
Nc6 9.f4 d6 10.Nc3 Nge7 11.Qg3 Ng6 12.Be3 O-O 13.Rad1 Qc7 14.Qf2 Nb4 15.
Bb6 Qb8 16.a3 Nxd3 17.Rxd3 Be7 18.Rh3 Bd7 19.Qd2 f5 20.exf5 Rxf5 21.Nd4 
Rf7 22.Rhf3 Qf8 23.Qe3 Nh4 24.R3f2 Nf5 25.Nxf5 Rxf5 26.Ne2 Qf7 27.Ng3 Rf6 
28.Ne4 Rh6 29.Rd2 Bb5 30.Rf3 d5 31.Nf2 Rg6 32.Bd4 h5 33.Nd3 Bxd3 34.Qxd3 
Rf8 35.f5 exf5 36.Rdf2 Qe6 37.Rxf5 Rxf5 38.Qxf5 Qe1+ 39.Rf1 Qe4 40.Qxe4 
dxe4 41.Rf5 Rd6 42.Be3 Rd1+ 43.Rf1 Rd5 44.Kf2 Rb5 45.Bc1 Rc5 46.c3 Rc6 47.
Ke2 Rg6 48.g3 h4 49.Bf4 Rb6 50.Bc1 Rg6 51.Bf4 Rb6 52.Bc1 1/2-1/2

[Event "22nd Asia-ch (w)"]
[Site "Makati City PHI"]
[Date "2018.12.13"]
[Round "4"]
[White "Zhu Jiner"]
[Black "Guo Qi"]
[Result "0-1"]
[WhiteElo "2409"]
[BlackElo "2368"]
[EventDate "2018.12.10"]
[PlyCount "48"]

1.e4 c6 2.d4 d5 3.e5 Bf5 4.h4 h5 5.Bd3 Bxd3 6.Qxd3 e6 7.Bg5 Be7 8.Nf3 Nh6 
9.Nbd2 Nf5 10.c4 dxc4 11.Nxc4 Nd7 12.a3 f6 13.exf6 gxf6 14.Bf4 Nb6 15.b3 
Rg8 16.O-O Rg4 17.Nxb6 axb6 18.g3 Qd5 19.Rfe1 Kf7 20.Qc4 Qxf3 21.Qxe6+ Kg6
22.Qe4 Qxe4 23.Rxe4 Bd6 24.f3 Nxg3 0-1

[Event "22nd Asia-ch (w)"]
[Site "Makati City PHI"]
[Date "2018.12.14"]
[Round "5"]
[White "Padmini, Rout"]
[Black "Munkhzul, Turmunkh"]
[Result "1-0"]
[WhiteElo "2345"]
[BlackElo "2255"]
[EventDate "2018.12.10"]
[PlyCount "103"]

1.e4 c5 2.Nf3 d6 3.d4 cxd4 4.Nxd4 Nf6 5.Nc3 a6 6.Be2 e5 7.Nf3 Be7 8.Bg5 
Be6 9.Bxf6 Bxf6 10.O-O O-O 11.Nd5 Bxd5 12.Qxd5 Qc7 13.Bc4 Nc6 14.c3 Rac8 
15.Bb3 Ne7 16.Qd3 Ng6 17.g3 Be7 18.h4 Rfd8 19.Nh2 Nf8 20.Qf3 Ne6 21.Ng4 
Bf8 22.Rad1 b5 23.h5 h6 24.Qf5 Qe7 25.Kg2 Re8 26.Ne3 Qg5 27.Qxg5 Nxg5 28.
Bd5 Rc7 29.Rd2 Rb8 30.a3 Nh7 31.Ng4 Be7 32.Bb3 Rc6 33.Rfd1 Rbb6 34.f4 Nf6 
35.Ne3 Rb8 36.Kf3 Bf8 37.Nf5 exf4 38.gxf4 Rc5 39.Nxd6 Bxd6 40.Rxd6 Rxh5 
41.Rd8+ Rxd8 42.Rxd8+ Kh7 43.e5 Rh2 44.exf6 Rxb2 45.Bxf7 gxf6 46.Kg4 Rc2 
47.Rc8 Kg7 48.Be6 a5 49.Kf5 b4 50.Rc7+ Kf8 51.Kxf6 Rxc3 52.Rh7 1-0

[Event "22nd Asia-ch (w)"]
[Site "Makati City PHI"]
[Date "2018.12.14"]
[Round "5"]
[White "Pham Le Thao Nguyen"]
[Black "Gong Qianyun"]
[Result "0-1"]
[WhiteElo "2363"]
[BlackElo "2312"]
[EventDate "2018.12.10"]
[PlyCount "156"]

1.d4 Nf6 2.Bf4 b6 3.e3 Bb7 4.Nd2 g6 5.h3 Bg7 6.Ngf3 O-O 7.a4 a5 8.Bc4 d6 
9.O-O e6 10.Re1 Nbd7 11.e4 e5 12.Bg5 h6 13.Bh4 g5 14.Bg3 Nh5 15.Nf1 Nf4 
16.c3 Kh8 17.Bxf4 gxf4 18.Bd3 Qe7 19.N1h2 Rg8 20.Kh1 Nf8 21.Qc2 Ne6 22.
dxe5 dxe5 23.Bc4 Raf8 24.Qe2 Nc5 25.Nd2 Rd8 26.Nhf3 Bf6 27.b4 Ne6 28.Rab1 
Bc6 29.Bb5 Ba8 30.bxa5 bxa5 31.Nb3 Nc5 32.Nfd2 Rg6 33.Rg1 Bh4 34.f3 c6 35.
Nxc5 Qxc5 36.Ba6 Rdg8 37.Nc4 Rg5 38.Rb2 Rg3 39.Rbb1 Bd8 40.Bc8 Bc7 41.Bf5 
Rd8 42.Rb2 Rgg8 43.Rgb1 Qe7 44.Rd1 c5 45.Na3 c4 46.Nb5 Bb6 47.Rbd2 Be3 48.
Rd7 Rxd7 49.Rxd7 Qc5 50.Rxf7 Rd8 51.Rd7 Rxd7 52.Bxd7 Qe7 53.Qd1 Bc5 54.Be6
Qxe6 55.Qd8+ Qg8 56.Qc7 Bf8 57.Qxe5+ Bg7 58.Qxf4 Bc6 59.Nd6 Qe6 60.Nf5 
Bxc3 61.Nxh6 Bg7 62.Nf5 Bxa4 63.Qh4+ Kg8 64.Qd8+ Be8 65.Qxa5 Qe5 66.Qd2 c3
67.Qc2 Bf6 68.Nh6+ Kg7 69.Ng4 Qd4 70.Nxf6 Kxf6 71.f4 Bg6 72.e5+ Kg7 73.f5 
Qd2 74.Qe4 c2 75.f6+ Kh6 76.Qh4+ Bh5 77.f7 c1=Q+ 78.Kh2 Qf4+ 0-1

[Event "22nd Asia-ch (w)"]
[Site "Makati City PHI"]
[Date "2018.12.14"]
[Round "5"]
[White "Guo Qi"]
[Black "Hoang Thi Bao Tram"]
[Result "1/2-1/2"]
[WhiteElo "2368"]
[BlackElo "2314"]
[EventDate "2018.12.10"]
[PlyCount "63"]

1.d4 d5 2.c4 c6 3.Nf3 Nf6 4.e3 Bf5 5.Nc3 e6 6.Nh4 Bg6 7.Nxg6 hxg6 8.Bd3 
Nbd7 9.h3 Bd6 10.O-O O-O 11.Bd2 Re8 12.c5 Bc7 13.f4 Nh7 14.b4 a6 15.Qg4 
Qe7 16.a4 Nhf8 17.Be1 f5 18.Qf3 Nf6 19.Bh4 N8d7 20.Rfc1 Qf8 21.Qe2 Ne4 22.
Bxe4 dxe4 23.Bg5 Nf6 24.Qb2 Qf7 25.Ra3 Qd7 26.Raa1 Kf7 27.Rab1 Rh8 28.h4 
Nh7 29.Ne2 Nf6 30.Nc3 Nh7 31.Ne2 Nf6 32.Nc3 1/2-1/2

[Event "22nd Asia-ch (w)"]
[Site "Makati City PHI"]
[Date "2018.12.15"]
[Round "6"]
[White "Gong Qianyun"]
[Black "Padmini, Rout"]
[Result "0-1"]
[WhiteElo "2312"]
[BlackElo "2345"]
[EventDate "2018.12.10"]
[PlyCount "122"]

1.f4 c5 2.Nf3 Nc6 3.g3 d5 4.Bg2 g6 5.O-O Bg7 6.d3 Nf6 7.c3 O-O 8.Qe1 d4 9.
Na3 Nd5 10.e4 dxe3 11.Bxe3 Nxe3 12.Qxe3 Bg4 13.h3 Be6 14.Rfd1 b6 15.Nc4 
Bd5 16.Qe2 Qc7 17.Ne3 Bxf3 18.Qxf3 Rac8 19.Rac1 e6 20.Kh2 Ne7 21.Rc2 Rfd8 
22.Re2 b5 23.Ng4 h5 24.Ne5 f6 25.Nxg6 Nxg6 26.Rxe6 h4 27.Qg4 hxg3+ 28.Kxg3
Nf8 29.Ra6 Qd7 30.Qh5 f5 31.Kh2 Rc7 32.Bf3 Qf7 33.Qg5 Rcd7 34.Bh5 Qe7 35.
Qg3 Rd6 36.Ra5 Rh6 37.Bf3 Rg6 38.Qf2 a6 39.Rg1 Qc7 40.Rxg6 Nxg6 41.Rxa6 
Qxf4+ 42.Qg3 Qxg3+ 43.Kxg3 Be5+ 44.Kf2 Nf4 45.Rb6 Nxd3+ 46.Kf1 Nxb2 47.
Rxb5 Nd3 48.c4 Bd4 49.Rb3 Ne5 50.Bd5+ Kg7 51.a4 Rd6 52.a5 Ra6 53.Rb5 Bc3 
54.Rxc5 Rxa5 55.Rxa5 Bxa5 56.Ke2 Bb6 57.Kd2 Kf6 58.Kc3 Bc5 59.Kb3 Nf7 60.
Ka4 Nd6 61.Kb3 Kg5 0-1

[Event "22nd Asia-ch (w)"]
[Site "Makati City PHI"]
[Date "2018.12.15"]
[Round "6"]
[White "Hoang Thi Bao Tram"]
[Black "Zhu Jiner"]
[Result "0-1"]
[WhiteElo "2314"]
[BlackElo "2409"]
[EventDate "2018.12.10"]
[PlyCount "132"]

1.d4 g6 2.Nf3 Nf6 3.g3 Bg7 4.Bg2 O-O 5.O-O c6 6.c4 d6 7.Nc3 Qa5 8.d5 cxd5 
9.Nxd5 Nxd5 10.cxd5 Nd7 11.Nd4 Qb6 12.e3 a5 13.b3 Nc5 14.Bd2 Bd7 15.Bc3 
Rfc8 16.Qd2 Qd8 17.Rac1 Be8 18.Rc2 f5 19.Rfc1 Bf7 20.Ne2 a4 21.Bxg7 Kxg7 
22.Qd4+ Kg8 23.b4 Nd7 24.a3 Rxc2 25.Rxc2 Rc8 26.Rxc8 Qxc8 27.Nc3 Ne5 28.f4
Nc4 29.Bf1 Nxa3 30.Nxa4 Qc1 31.Qc3 Qxc3 32.Nxc3 Nc2 33.Kf2 Nxb4 34.Bc4 Kf8
35.Kf3 Ke8 36.e4 Kd7 37.exf5 gxf5 38.Ke3 Kc7 39.Kd4 Nc2+ 40.Kd3 Na3 41.Bb3
Kb6 42.Ba4 Kc5 43.Bd7 Bg6 44.Nd1 Nc4 45.Nc3 Na3 46.Nd1 b5 47.Nc3 h6 48.Nd1
Nc4 49.Nc3 Na3 50.Be6 Be8 51.Bxf5 b4 52.Nd1 Bb5+ 53.Kd2 Nc4+ 54.Kc1 Kxd5 
55.g4 Kd4 56.h4 Ne3 57.Nxe3 Kxe3 58.g5 hxg5 59.fxg5 Kf4 60.Bh7 Kg4 61.Kc2 
Bd7 62.Kb3 Kxh4 63.g6 Bf5 64.Kxb4 Kg5 65.Kc3 Kf6 66.Bg8 e6 0-1

[Event "22nd Asia-ch (w)"]
[Site "Makati City PHI"]
[Date "2018.12.15"]
[Round "6"]
[White "Guo Qi"]
[Black "Munkhzul, Turmunkh"]
[Result "1/2-1/2"]
[WhiteElo "2368"]
[BlackElo "2255"]
[EventDate "2018.12.10"]
[PlyCount "116"]

1.d4 Nf6 2.Bg5 g6 3.Bxf6 exf6 4.e3 Bg7 5.c4 O-O 6.Nc3 d6 7.g3 f5 8.Bg2 Nd7
9.Nge2 Nf6 10.O-O Re8 11.Qd3 c6 12.b4 Qe7 13.b5 Ne4 14.Rab1 Bd7 15.bxc6 
Bxc6 16.Nf4 Nxc3 17.Qxc3 Bxg2 18.Nxg2 Rac8 19.Qd3 Bh6 20.a4 Rc7 21.a5 Rec8
22.Rfc1 Qe8 23.Rb4 Qc6 24.Qb3 Qe4 25.h4 Re7 26.Qc2 Qc6 27.Qa4 Qf3 28.Qd1 
Qe4 29.Ne1 Rec7 30.Qf3 Bf8 31.Rc3 Qe7 32.Nc2 b6 33.axb6 axb6 34.Qd5 Qe4 
35.Qxe4 fxe4 36.Rxb6 Rxc4 37.Rxc4 Rxc4 38.Nb4 Rc1+ 39.Kg2 Rb1 40.g4 Be7 
41.Nd5 Rxb6 42.Nxb6 Bxh4 43.Nc8 d5 44.Nb6 f5 45.gxf5 gxf5 46.Nxd5 Kf7 47.
Nf4 Kf6 48.f3 Be1 49.fxe4 fxe4 50.Nh5+ Ke6 51.Kf1 Bh4 52.Kg2 Be1 53.Nf4+ 
Kf5 54.Nh5 Ke6 55.Kf1 Bh4 56.Kg2 Be1 57.Kf1 Bh4 58.Kg2 Be1 1/2-1/2

[Event "22nd Asia-ch (w)"]
[Site "Makati City PHI"]
[Date "2018.12.15"]
[Round "6"]
[White "Wang Jue"]
[Black "Li Yunshan"]
[Result "1-0"]
[WhiteElo "2367"]
[BlackElo "2196"]
[EventDate "2018.12.10"]
[PlyCount "63"]

1.e4 c6 2.d4 d5 3.e5 c5 4.dxc5 e6 5.a3 Bxc5 6.b4 Bb6 7.Qg4 Ne7 8.Nf3 Ng6 
9.Bd3 f5 10.Qh5 Nc6 11.Bb2 Ne7 12.Qg5 O-O 13.h4 h6 14.Qg3 Bd7 15.Nbd2 Bc7 
16.O-O Qb8 17.Rfe1 Nh8 18.c4 dxc4 19.Nxc4 g6 20.Nd6 Nf7 21.Bc4 b5 22.Bb3 
a5 23.Rad1 Rd8 24.Bc1 axb4 25.axb4 Ra1 26.Nxf7 Kxf7 27.Bxh6 Rxd1 28.Rxd1 
Ng8 29.Bg5 Ne7 30.Bxe7 Kxe7 31.Qg5+ Ke8 32.Qxg6+ 1-0

[Event "22nd Asia-ch (w)"]
[Site "Makati City PHI"]
[Date "2018.12.16"]
[Round "7"]
[White "Padmini, Rout"]
[Black "Guo Qi"]
[Result "1/2-1/2"]
[WhiteElo "2345"]
[BlackElo "2368"]
[EventDate "2018.12.10"]
[PlyCount "34"]

1.e4 e5 2.Nf3 Nf6 3.Nxe5 d6 4.Nf3 Nxe4 5.Qe2 Qe7 6.d3 Nf6 7.Qxe7+ Bxe7 8.
g3 O-O 9.Bg2 Re8 10.O-O Bf8 11.Nc3 c6 12.Bg5 Nbd7 13.Rfe1 h6 14.Bd2 Ne5 
15.a3 Nxf3+ 16.Bxf3 Bd7 17.Kg2 Rxe1 1/2-1/2

[Event "22nd Asia-ch (w)"]
[Site "Makati City PHI"]
[Date "2018.12.16"]
[Round "7"]
[White "Pham Le Thao Nguyen"]
[Black "Zhu Jiner"]
[Result "1-0"]
[WhiteElo "2363"]
[BlackElo "2409"]
[EventDate "2018.12.10"]
[PlyCount "81"]

1.d4 Nf6 2.Nf3 g6 3.g3 Bg7 4.Bg2 O-O 5.O-O d6 6.c4 c6 7.Nc3 Qa5 8.e4 e5 9.
h3 Nbd7 10.Be3 exd4 11.Nxd4 Nb6 12.Nb3 Qa6 13.c5 Nc4 14.Bd4 Nxb2 15.Qc2 
Nc4 16.cxd6 Nd7 17.Rfd1 b5 18.a4 b4 19.Bxg7 Kxg7 20.Na2 Nde5 21.Nxb4 Qb6 
22.Nd3 Ba6 23.Nxe5 Nxe5 24.Nc5 Bc4 25.Nd7 Nxd7 26.Qxc4 Rab8 27.Rac1 c5 28.
h4 Qb2 29.Bh3 Rb4 30.Qc3+ Qxc3 31.Rxc3 Rd8 32.Bxd7 Rxd7 33.e5 Rxa4 34.Rxc5
Re4 35.Rdc1 Rb7 36.R1c4 Re1+ 37.Kg2 h6 38.Rc7 Rb8 39.Re7 Rf8 40.Rcc7 a5 
41.e6 1-0

[Event "22nd Asia-ch (w)"]
[Site "Makati City PHI"]
[Date "2018.12.16"]
[Round "7"]
[White "Gu Tianlu"]
[Black "Wang Jue"]
[Result "0-1"]
[WhiteElo "2231"]
[BlackElo "2367"]
[EventDate "2018.12.10"]
[PlyCount "96"]

1.e4 e5 2.Nf3 Nc6 3.Bb5 a6 4.Ba4 Nf6 5.O-O Be7 6.Re1 b5 7.Bb3 O-O 8.a4 b4 
9.d4 d6 10.dxe5 Nxe5 11.Nxe5 dxe5 12.Qxd8 Rxd8 13.f3 Bc5+ 14.Kh1 a5 15.Bc4
Ba6 16.Bxa6 Rxa6 17.Nd2 Rc6 18.c3 bxc3 19.bxc3 Bb6 20.Nb1 Rd3 21.Na3 Nd7 
22.Bb2 f6 23.h3 Kf7 24.Nb5 Rc4 25.Red1 Rxd1+ 26.Rxd1 Ke8 27.Ba3 Rxa4 28.h4
Kd8 29.Bf8 g6 30.g4 Rc4 31.Rd3 Bc5 32.Na3 Bxa3 33.Bxa3 Ra4 34.Bc5 Ke8 35.
Be3 Rc4 36.Rd5 a4 37.Ra5 Rxc3 38.Bd2 Rxf3 39.Ra8+ Ke7 40.Kg2 Rd3 41.Bc1 
Rc3 42.Bh6 a3 43.g5 fxg5 44.Bxg5+ Ke6 45.Ra6+ c6 46.Ra7 Rc2+ 47.Kf3 a2 48.
Ke3 Rh2 0-1

[Event "22nd Asia-ch (w)"]
[Site "Makati City PHI"]
[Date "2018.12.17"]
[Round "8"]
[White "Pham Le Thao Nguyen"]
[Black "Padmini, Rout"]
[Result "1/2-1/2"]
[WhiteElo "2363"]
[BlackElo "2345"]
[EventDate "2018.12.10"]
[PlyCount "42"]

1.d4 Nf6 2.Nf3 g6 3.g3 Bg7 4.Bg2 O-O 5.O-O d5 6.c4 c6 7.Qb3 Qb6 8.Nc3 Rd8 
9.c5 Qxb3 10.axb3 Na6 11.Bf4 Nd7 12.Na4 f6 13.Bd2 e5 14.Rfc1 Re8 15.Ba5 
Rb8 16.e3 e4 17.Ne1 b6 18.cxb6 axb6 19.Bd2 Bb7 20.Bf1 Ra8 21.Nc2 Bf8 
1/2-1/2

[Event "22nd Asia-ch (w)"]
[Site "Makati City PHI"]
[Date "2018.12.17"]
[Round "8"]
[White "Gong Qianyun"]
[Black "Wang Jue"]
[Result "1-0"]
[WhiteElo "2312"]
[BlackElo "2367"]
[EventDate "2018.12.10"]
[PlyCount "131"]

1.d4 Nf6 2.Bf4 g6 3.Nc3 d5 4.e3 Bg7 5.h4 c6 6.Be2 Qb6 7.b3 h5 8.Nf3 Bg4 9.
Ne5 Bxe2 10.Qxe2 Nbd7 11.O-O-O e6 12.f3 Rc8 13.g4 hxg4 14.fxg4 c5 15.g5 
Nh5 16.Na4 Qb4 17.Nxd7 Kxd7 18.Rhf1 c4 19.Kb1 b5 20.Nb2 Qc3 21.Bh2 Rhf8 
22.Rf3 Qb4 23.e4 Rce8 24.Re3 f5 25.c3 Qa3 26.exd5 exd5 27.Re1 Re4 28.bxc4 
bxc4 29.Nxc4 Qa4 30.Nd2 Rc8 31.Rxe4 dxe4 32.Nxe4 fxe4 33.Qxe4 Qb5+ 34.Ka1 
Bf8 35.Qe6+ Kd8 36.Qxg6 Qc6 37.Qxc6 Rxc6 38.Kb2 Rb6+ 39.Kc2 Ra6 40.Kb3 
Rb6+ 41.Kc4 Kd7 42.Rf1 Ke8 43.Be5 Rc6+ 44.Kd3 Bg7 45.Bxg7 Nxg7 46.Rf2 Ke7 
47.c4 Rc8 48.g6 Ke6 49.Rf7 Nh5 50.c5 Rg8 51.Rxa7 Nf4+ 52.Kc4 Nxg6 53.d5+ 
Ke5 54.h5 Nf4 55.Re7+ Kf6 56.d6 Rc8 57.d7 Rxc5+ 58.Kxc5 Kxe7 59.Kc6 Ne6 
60.h6 Nd8+ 61.Kc7 Ne6+ 62.Kc8 Kf7 63.d8=Q Nxd8 64.Kxd8 Kg6 65.a4 Kxh6 66.
a5 1-0

[Event "22nd Asia-ch (w)"]
[Site "Makati City PHI"]
[Date "2018.12.17"]
[Round "8"]
[White "Zhu Jiner"]
[Black "Vo Thi Kim Phung"]
[Result "1/2-1/2"]
[WhiteElo "2409"]
[BlackElo "2352"]
[EventDate "2018.12.10"]
[PlyCount "134"]

1.e4 e6 2.d4 d5 3.Nc3 Nf6 4.Bg5 Be7 5.e5 Nfd7 6.Bxe7 Qxe7 7.f4 a6 8.Nf3 c5
9.Qd2 Nc6 10.dxc5 Nxc5 11.Bd3 b5 12.Ne2 Bb7 13.O-O O-O 14.Ned4 Nxd4 15.
Nxd4 Ne4 16.Qe3 Rac8 17.a3 Qc7 18.c3 Qc5 19.Rae1 Rfe8 20.Rf3 Qe7 21.Rff1 
Ba8 22.Rd1 Red8 23.Qe2 Bb7 24.Kh1 Rf8 25.Nf3 h6 26.Bxe4 dxe4 27.Nd2 Bd5 
28.Qe3 Qb7 29.Rde1 Rfd8 30.Kg1 Bc6 31.Nxe4 Bxe4 32.Qxe4 Qxe4 33.Rxe4 Rd2 
34.Rf2 Rd1+ 35.Rf1 Rd2 36.Rb4 Rcd8 37.Rf2 Rd1+ 38.Rf1 R1d2 39.g3 R8d5 40.
Rf2 Rd1+ 41.Kg2 Kh7 42.a4 Kg6 43.axb5 axb5 44.h3 h5 45.c4 bxc4 46.Rxc4 Rb5
47.Rc6 Kf5 48.Rc7 Kg6 49.g4 hxg4 50.hxg4 Re1 51.Re7 Re4 52.Kf1 Ra5 53.f5+ 
Kh6 54.Rh2+ Kg5 55.Rxf7 Ra1+ 56.Kf2 exf5 57.Rxg7+ Kf4 58.gxf5 Rae1 59.Rh4+
Kxf5 60.Rxe4 Rxe4 61.Rd7 Rb4 62.Rd2 Kxe5 63.Ke2 Re4+ 64.Kd1 Rd4 65.Rxd4 
Kxd4 66.b4 Kc4 67.Kc2 Kxb4 1/2-1/2

[Event "22nd Asia-ch (w)"]
[Site "Makati City PHI"]
[Date "2018.12.17"]
[Round "8"]
[White "Wang, Ying"]
[Black "Mordido, Kylen Joy"]
[Result "0-1"]
[WhiteElo "1336"]
[BlackElo "2045"]
[EventDate "2018.12.10"]
[PlyCount "88"]

1.Nf3 Nf6 2.c4 c5 3.Nc3 d5 4.cxd5 Nxd5 5.e3 Nc6 6.Bb5 Nb4 7.O-O a6 8.Bxc6+
Nxc6 9.a3 g6 10.Ng5 Bg7 11.Qb3 O-O 12.h3 Na5 13.Qd5 Bd7 14.Nge4 e6 15.Qa2 
c4 16.Rb1 Bc6 17.f3 Be5 18.Nc5 b6 19.b4 cxb3 20.Nxb3 Bxc3 21.Nxa5 Bxa5 22.
d4 Bb5 23.Rf2 Bd3 24.Ra1 Be1 25.Bd2 Bxf2+ 26.Kxf2 Rc8 27.Qb3 Bc2 28.Qb4 b5
29.Kg3 Rc4 30.Qa5 Qd6+ 31.f4 Rfc8 32.Bb4 Qc6 33.Bc5 Ra4 34.Qc3 Qe4 35.Rc1 
Rc4 36.Qd2 Qd3 37.Qe1 Bb3 38.Rb1 Rc2 39.Rc1 Rd2 40.Qg1 Bd5 41.Kh4 Rxg2 42.
Qe1 g5+ 43.fxg5 Qe4+ 44.Kh5 Qg6+ 0-1